000 00433cam a22001337a 4500
008 180718b1981 xxu||||| |||| 00| 0 eng d
020 _a0908160852
082 _aB131x94 AU78
100 _aMathews, R.L.
245 _aUrban federalism : Urban studies in a federal context
_cBy R.L. Mathews
260 _aCanberra
_bCentre for research on Federal financial relations
_c1981
300 _axiii, 169p
650 _aUrban policy --Australia
999 _c408722
_d408722